Opúsculos / (Record no. 36738)
[ view plain ]
| 000 -LEADER | |
|---|---|
| campo de control de longitud fija | 00498nam a2200169 i 4500 |
| 001 - NÚMERO DE CONTROL | |
| campo de control | 36738 |
| 003 - IDENTIFICADOR DE NÚMERO DE CONTROL | |
| campo de control | ES-MaACL |
| 005 - FECHA Y HORA DE LA ÚLTIMA TRANSACCIÓN | |
| campo de control | 20240118063001.0 |
| 007 - CAMPO FIJO DE DESCRIPCIÓN FÍSICA--INFORMACIÓN GENERAL | |
| campo de control de longitud fija | t| |
| 008 - DATOS DE LONGITUD FIJA--INFORMACIÓN GENERAL | |
| campo de control de longitud fija | 030219m18631865sp ||||1| spa d |
| 100 1# - ENTRADA PRINCIPAL--NOMBRE DE PERSONA | |
| Nombre de persona | Bravo Murillo, Juan, |
| Fechas asociadas al nombre | 1803-1873 |
| 9 (RLIN) | 31496 |
| 245 10 - MENCIÓN DEL TÍTULO | |
| Título | Opúsculos / |
| Mención de responsabilidad, etc. | de Juan Bravo Murillo. |
| 260 ## - PUBLICACIÓN, DISTRIBUCIÓN, ETC. | |
| Lugar de publicación, distribución, etc. | Madrid : |
| Nombre del editor, distribuidor, etc. | San Martín, |
| Fecha de publicación, distribución, etc. | 1863-5 ( |
| Fabricante | Imp. de Manuel Minuesa de los Ríos) |
| 300 ## - DESCRIPCIÓN FÍSICA | |
| Extensión | 4 v. ; |
| Dimensiones | 23 cm. |
| 852 ## - LOCALIZACIÓN | |
| Ubicación | ES-MaACL |
| Número de control de estantería | G-8159-62 |
| Estatus retirado | Estado de pérdida | Estado de daño | No para préstamo | Colección | Biblioteca de origen | Biblioteca actual | Ubicación en estantería | Fecha de adquisición | Fuente de adquisición | Total de préstamos | Signatura topográfica completa | Código de barras | Visto por última vez | Precio de reemplazo | Tipo de ítem Koha |
|---|---|---|---|---|---|---|---|---|---|---|---|---|---|---|---|
| Libros del s. XIX | Biblioteca del Ateneo de Madrid | Biblioteca del Ateneo de Madrid | Sala Pecera Planta 3 | 17/01/2008 | G-8159-62 | 1038620 | 23/02/2023 | 23/02/2023 | Libro impreso antiguo |
